| 000 | 01383nam a2200241Ii 4500 | ||
|---|---|---|---|
| 003 | JO-AjNU | ||
| 005 | 20240630090509.0 | ||
| 008 | 230605s9999||||xx |||||||||||||| ||und|| | ||
| 040 |
_aJO-AjNU _bara _erda _cJO-AjNU |
||
| 041 | _aara | ||
| 050 | 1 | 4 | _aK840.2007 |
| 100 | 1 |
_aبني يونس، جهاد صالح _eمعد _965859 |
|
| 245 | 2 | 0 |
_aالتزامات منتج الدواء بالادلاء بالبيانات قبل التعاقد مع المنتج ومن حكمه: دراسة فقهية مقارنة بين القانون المدني الفرنسي والمصري والأردني = pre- contract obligation of medicine producer to declare relevanant in fprmation comparative study in jordanian egyptian and french laws / _cاعدادجهاد صالح بني يونس ؛ إشراف محمد يوسف الزعبي |
| 260 | _c2006 | ||
| 300 | _a200 ورقة | ||
| 336 |
_atext _btxt _2rdacontent |
||
| 337 |
_aunmediated _bn _2rdamedia |
||
| 338 |
_avolume _bnc _2rdacarrier |
||
| 500 | _aرسالة جامعية (دكتوراة فلسفة في القانون الخاص )--جامعة عمان العربية ، كلية الدراسات القانونية العليا ، 2007 | ||
| 650 | 4 |
_aقانون مدني -- عقود -- قوانين وأنظمة -- قانون مقارن _946729 |
|
| 700 | 1 |
_aالزعبي، محمد يوسف _965476 _eمشرف |
|
| 942 |
_2lcc _cTHS |
||
| 999 |
_c23918 _d23918 |
||